Perubatan psikologi Islam

Bibliographic Details
Main Author: Mohamed Hatta Shaharom
Format: Book
Published: Kuala Lumpur : DBP , 1995
Subjects:

MARC

LEADER 00000cam a2200000 7i4500
001 0000006865
002 000007397
005 20000330.0
020 |a 9836241728 
090 0 0 |a 297.1975   |b MOH 
100 0 |a Mohamed Hatta Shaharom 
245 1 0 |a Perubatan psikologi Islam   |c Mohamad Hatta shaharom 
260 |a Kuala Lumpur :   |b DBP ,   |c 1995 
300 |a 143p. ;   |c 21cm. 
650 0 0 |a Medical ethics   |x Religious aspects   |x Islam 
650 0 0 |a Medicine and psychology   |x Religious aspects   |x Islam 
650 0 0 |a Medicine   |x Religious aspects   |x Islam 
999 |a 051940   |b BUKU   |c PINJAMAN   |e PERPUSTAKAAN KOMUNITI PETALING JAYA 
999 |a 051942   |b BUKU   |c PINJAMAN   |e PERPUSTAKAAN KOMUNITI PETALING JAYA